000
00305nam a2200121Ia 4500
008
190216s9999||||xx |||||||||||||| ||und||
100
_a
Narayan R K
245
2
_a
A Horse And Two Goats
260
_b
"Indian Thought Publications,Mysore"
_c
1970
300
_a
143p
650
_a
English Stories
942
_c
BK
999
_c
12390
_d
12390